000
00277nam a2200097Ia 4500
008
220216s9999 xx 000 0 und d
245
0
_a
Supplying cup holders to young trees in tapping (Planting notes)
260
_b
Rubber Board Bulletin
_c
1962-63
300
_a
22-23
942
_c
JS
999
_c
69977
_d
69977